00478nam a22001697a 450000500170000000800410001702000180005804100080007608000150008410000210009924500370012025000180015726400470017530000270022265300410024965300180029020220428133627.0220428s2003 enk||||| |||| 00| 0 eng d a9788122414714 aeng a617.7 K-42 aKhurana, A. K.  aOphthalmology /c A .K. Khurana. aThird edition aNew Delhi :bNew age international,c2003. a552 p.:bill.:c24 cm. aოფტალმოლოგია aOphthalmology